| Tag |
First Indicator |
Second Indicator |
Subfields |
| LEADER |
00000cam a2200000 4500 |
| 001 |
in00000082689 |
| 005 |
20151008053104.0 |
| 008 |
800123s1919 mauab 00010 eng d |
| 010 |
|
|
|a 19013900
|
| 035 |
|
|
|a (OCoLC)05903893
|
| 035 |
|
|
|9 AAH6163AM
|
| 040 |
|
|
|a CLE
|c CLE
|d TXA
|d UtOrBLW
|
| 049 |
|
|
|a TXAM
|c [48108]
|
| 050 |
|
0 |
|a Q161
|b .S66
|
| 092 |
|
|
|a 372.3
|b S675e
|
| 100 |
1 |
|
|a Snyder, William Henry,
|d 1863-
|
| 245 |
1 |
0 |
|a Everyday science /
|c by William H. Snyder.
|
| 264 |
|
1 |
|a Boston,
|a New York [etc.] :
|b Allyn and Bacon,
|c [1919]
|
| 264 |
|
4 |
|c [©1919]
|
| 300 |
|
|
|a xiv, 1 ., 553 pages :
|b frontispiece, illustrations, maps. ;
|c 20 cm.
|
| 336 |
|
|
|a text
|b txt
|2 rdacontent
|
| 337 |
|
|
|a unmediated
|b n
|2 rdamedia
|
| 338 |
|
|
|a volume
|b nc
|2 rdacarrier
|
| 500 |
|
|
|a "Written primarily for eighth and ninth grade pupils."--Pref.
|
| 650 |
|
0 |
|a Science.
|
| 999 |
|
|
|a MARS
|
| 999 |
f |
f |
|s c358a286-7d4c-3114-b46a-d5addb352e9a
|i 5e47c0a3-0950-3957-8f5a-cf4b1dcb3859
|t 0
|
| 952 |
f |
f |
|p ric
|a Texas A&M University
|b Rellis Campus
|c Joint Library Facility
|d Remote Storage
|t 0
|e Q161 .S66
|h Library of Congress classification
|i unmediated -- volume
|m A14800850020
|
| 998 |
f |
f |
|a Q161 .S66
|t 0
|l Remote Storage
|